<?xml version="1.0" encoding="UTF-8"?>
<collection xmlns="http://www.loc.gov/MARC21/slim">
 <record>
  <leader>01142nam a2200181   4500</leader>
  <controlfield tag="001">1/27274</controlfield>
  <controlfield tag="008">040329s1996    gr            000 0 gre  </controlfield>
  <datafield tag="020" ind1=" " ind2=" ">
   <subfield code="a">9282777502</subfield>
  </datafield>
  <datafield tag="035" ind1=" " ind2=" ">
   <subfield code="l">29133</subfield>
  </datafield>
  <datafield tag="082" ind1="0" ind2="0">
   <subfield code="a">ΚΕΤ 341.759 ΣΥΛ</subfield>
  </datafield>
  <datafield tag="245" ind1="0" ind2="0">
   <subfield code="a">Συλλογή αποφάσεων της επιτροπής στον τομέα των κρατικών ενισχύσεων :</subfield>
   <subfield code="b">αρθρο 93, παράγραφος 2 (αρνητικές τελικές αποφάσεις) /</subfield>
   <subfield code="c">Ευρωπαϊκή Επιτροπή.</subfield>
  </datafield>
  <datafield tag="260" ind1=" " ind2=" ">
   <subfield code="a">Λουξεμβούργο:</subfield>
   <subfield code="b">Υπηρεσία Επισήμων Εκδόσεων των Ευρωπαϊκών Κοινοτήτων,</subfield>
   <subfield code="c">1996</subfield>
  </datafield>
  <datafield tag="300" ind1=" " ind2=" ">
   <subfield code="a">xxxix, 792 σ. :</subfield>
   <subfield code="c">30 εκ.</subfield>
  </datafield>
  <datafield tag="504" ind1=" " ind2=" ">
   <subfield code="a">Περιέχει βιβλιογραφικές υποσημειώσεις</subfield>
  </datafield>
  <datafield tag="650" ind1=" " ind2="4">
   <subfield code="a">Subsidies</subfield>
   <subfield code="x">Law and legislation</subfield>
   <subfield code="z">European Union countries.</subfield>
  </datafield>
  <datafield tag="650" ind1=" " ind2="4">
   <subfield code="a">Government aid</subfield>
   <subfield code="z">European Union countries.</subfield>
  </datafield>
  <datafield tag="710" ind1="2" ind2=" ">
   <subfield code="a">Ευρωπαϊκή Επιτροπή</subfield>
   <subfield code="b">Γενική Διεύθυνση Διεύρυνσης.</subfield>
  </datafield>
  <datafield tag="852" ind1=" " ind2=" ">
   <subfield code="a">INST</subfield>
   <subfield code="b">UNIPILB</subfield>
   <subfield code="c">KET</subfield>
   <subfield code="e">20050719</subfield>
   <subfield code="h">ΚΕΤ 341.759 ΣΥΛ</subfield>
   <subfield code="p">00144778</subfield>
   <subfield code="q">00144778</subfield>
   <subfield code="t">LOAN</subfield>
   <subfield code="y">0</subfield>
   <subfield code="4">1</subfield>
  </datafield>
 </record>
</collection>
